000 00345nam a2200121Ia 4500
005 20251222140052.0
008 251222s1900||||xx |||||||||||||| ||spa||
082 _a210.93/M58
100 _aMillones, Luís
245 0 _aIntroducción al Proceso de Aculturación Religiosa Indígena
264 _bMinisterio de Trabajo y Comunidades
942 _cLIB
999 _c3634
_d3634